000 00700nam a2200241Ia 4500
005 20260430150112.0
008 008 250103s9999 xx 000 0 eng d
037 _aTheses
040 _aCRL
040 _beng
040 _ceng
041 _2eng
041 _aeng
084 _qCRL
100 _aYadav Dileep Kumar Au.; Sitharaman Uma Gu.
_91236466
245 0 _aExploration of Layered Honeycomb Oxides and Layered double Hydroxides Possessing ineresting structures and physical Properties
260 _c2022
300 _a227p.
650 _aChemistry
700 _aUniversity of Delhi. Faculty of Science. Deptt. of Chemistry
_91236464
942 _cTH
999 _c1848948
_d1848948